000 00394nam a2200157Ia 4500
008 230917s9999||||xx |||||||||||||| ||und||
040 _e38827
_aMAIN
041 _aEnglish
082 _a658.15 K952C
100 _aKuchhal, S C
245 0 _aCorporation finance: principles & problems
250 _a15th ed.
260 _aAllahabad
_bChaitanya
_c1981
300 _axiv, 507 p.
942 _cBK
999 _c218053
_d218053